000 00398nam a2200097Ia 4500
005 20250424112858.0
008 250424s9999 xx 000 0 und d
300 _aviii, 284 p. 20 cm.
650 _a Science--Study and teaching--Nigeria--Periodicals. Computer science--Study and teaching--Nigeria--Periodicals. Computer science--Study and teaching. Science--Study and teaching. Nigeria.
942 _cSR
999 _c37664
_d37664